Study on digestibility of grass exotic variety in local goats, សិក្សាពីភាពរំលាយអាហាររបស់ស្មៅ (ស្ងួត) ពូជនាំចូលលើពពែក្នុងស្រុក (Record no. 2384)
[ view plain ]
| 000 -LEADER | |
|---|---|
| fixed length control field | 00613nam a22001577a 4500 |
| 003 - CONTROL NUMBER IDENTIFIER | |
| control field | OSt |
| 005 - DATE AND TIME OF LATEST TRANSACTION | |
| control field | 20151020153318.0 |
| 008 - FIXED-LENGTH DATA ELEMENTS--GENERAL INFORMATION | |
| fixed length control field | 151020b xxu||||| |||| 00| 0 eng d |
| 040 ## - CATALOGING SOURCE | |
| Transcribing agency | RUA |
| 082 ## - DEWEY DECIMAL CLASSIFICATION NUMBER | |
| Classification number | AVM SOM 2010 B094 Or.1 |
| 100 ## - MAIN ENTRY--PERSONAL NAME | |
| 9 (RLIN) | 2529 |
| Personal name | SOMRETH, PHEAKDEY. |
| 245 ## - TITLE STATEMENT | |
| Title | Study on digestibility of grass exotic variety in local goats, សិក្សាពីភាពរំលាយអាហាររបស់ស្មៅ (ស្ងួត) ពូជនាំចូលលើពពែក្នុងស្រុក |
| 260 ## - PUBLICATION, DISTRIBUTION, ETC. (IMPRINT) | |
| Place of publication, distribution, etc. | Phnom Penh |
| Name of publisher, distributor, etc. | RUA |
| Date of publication, distribution, etc. | 2010 |
| 300 ## - PHYSICAL DESCRIPTION | |
| Extent | xii;33p. |
| Other physical details | ill. |
| Dimensions | 29cm. |
| 942 ## - ADDED ENTRY ELEMENTS (KOHA) | |
| Source of classification or shelving scheme | |
| Koha item type | AVM |
| Price effective from | Date last seen | Permanent Location | Not for loan | Date acquired | Source of classification or shelving scheme | Koha item type | Lost status | Withdrawn status | Date last checked out | Total Checkouts | Shelving location | Damaged status | Barcode | Current Location | Full call number |
|---|---|---|---|---|---|---|---|---|---|---|---|---|---|---|---|
| 2015-10-20 | 2020-07-21 | Library Block B | 2015-10-20 | AVM | 2020-06-23 | 2 | B094 | RUA019037 | Library Block B | AVM SOM 2010 B094 Or.1 | |||||
| 2015-10-20 | 2015-10-20 | Library Block B | 2015-10-20 | AVM | B094 | RUA019253 | Library Block B | AVM SOM 2010 B094 Or.2 | |||||||
| 2015-10-20 | 2015-10-20 | Library Block B | 2015-10-20 | AVM | B094 | RUA019643 | Library Block B | AVM SOM 2010 B094 Or.3 | |||||||
| 2015-10-20 | 2015-10-20 | Library Block B | 2015-10-20 | AVM | B094 | RUA015691 | Library Block B | AVM SOM 2010 B094 Or.4 | |||||||
| 2015-10-20 | 2015-10-20 | Library Block B | 2015-10-20 | AVM | B094 | RUA015404 | Library Block B | AVM SOM 2010 B094 Or.5 | |||||||
| 2015-10-20 | 2015-10-20 | Library Block B | 2015-10-20 | AVM | B094 | RUA015332 | Library Block B | AVM SOM 2010 B094 Or.6 | |||||||
| 2015-10-20 | 2015-10-20 | Library Block B | 2015-10-20 | AVM | B094 | RUA015836 | Library Block B | AVM SOM 2010 B094 Or.7 | |||||||
| 2015-10-20 | 2015-10-20 | Library Block B | 2015-10-20 | AVM | B094 | RUA015547 | Library Block B | AVM SOM 2010 B094 Or.8 |